Uplatňovanie BFOPO vo výrobných organizáciách MP SSR Zborník

Na minha lista:
Detalhes bibliográficos
Formato: Livro
Idioma:eslovaco
Publicado em: Banská Bystrica Dom techn. ČSVTS 1987
Edição:1. vyd.
Tags: Adicionar Tag
Sem tags, seja o primeiro a adicionar uma tag!

MARC

LEADER 00000nam a2200000 4500
001 c023979
005 20221219095350.0
041 0 |a slo 
044 |a SK 
245 1 0 |a Uplatňovanie BFOPO vo výrobných organizáciách MP SSR  |b Zborník 
250 |a 1. vyd. 
264 1 |a Banská Bystrica  |b Dom techn. ČSVTS  |c 1987 
300 |a 303 s.